MARC details
| 000 -LEADER |
| fixed length control field |
01932nam a22003617a 4500 |
| 001 - CONTROL NUMBER |
| control field |
103805 |
| 003 - CONTROL NUMBER IDENTIFIER |
| control field |
KnowledgeUnlatched |
| 005 - DATE AND TIME OF LATEST TRANSACTION |
| control field |
20210303105107.0 |
| 006 - FIXED-LENGTH DATA ELEMENTS--ADDITIONAL MATERIAL CHARACTERISTICS |
| fixed length control field |
m o d |
| 007 - PHYSICAL DESCRIPTION FIXED FIELD--GENERAL INFORMATION |
| fixed length control field |
cr u|||||||||| |
| 008 - FIXED-LENGTH DATA ELEMENTS--GENERAL INFORMATION |
| fixed length control field |
210129p20162019gw o u00| u eng d |
| 037 ## - SOURCE OF ACQUISITION |
| Institution to which field applies |
BiblioBoard |
| 020 ## - INTERNATIONAL STANDARD BOOK NUMBER |
| International Standard Book Number |
9783666101458 |
| 029 1# - OTHER SYSTEM CONTROL NUMBER (OCLC) |
| OCLC library identifier |
https://library.biblioboard.com/ext/api/media/7eb7f094-f47e-4eaa-95da-11e4779a0b78/assets/thumbnail.jpg |
| 040 ## - CATALOGING SOURCE |
| Original cataloging agency |
ScCtBLL |
| Transcribing agency |
ScCtBLL |
| 245 00 - TITLE STATEMENT |
| Title |
Humanity |
| Remainder of title |
A History of European Concepts in Practice From the Sixteenth Century to the Present / |
| Statement of responsibility, etc. |
Mirjam Thulin, Fabian Klose. |
| 264 #1 - PRODUCTION, PUBLICATION, DISTRIBUTION, MANUFACTURE, AND COPYRIGHT NOTICE |
| Name of producer, publisher, distributor, manufacturer |
Vandenhoeck & Ruprecht, |
| 300 ## - PHYSICAL DESCRIPTION |
| Extent |
1 online resource (325 p.) |
| 506 0# - RESTRICTIONS ON ACCESS NOTE |
| Terms governing access |
Access copy available to the general public. |
| Standardized terminology for access restriction |
Unrestricted |
| Source of term |
star |
| 520 ## - SUMMARY, ETC. |
| Summary, etc. |
This volume investigates the development of the concepts and practices of "humanity" from the sixteenth century up to the present. By taking a comparative and interdisciplinary approach, the contributers focus on Europe as well as Europe's relations to other world regions in the process that shaped "humanity". They show how this emerging concept led to the overcoming of fundamental divisions in many spheres on the one hand and the formation of new hierarchies on the other. |
| 588 0# - SOURCE OF DESCRIPTION NOTE |
| Source of description note |
Description based on print version record. |
| 590 ## - LOCAL NOTE (RLIN) |
| Local note |
KU Open Services |
| 650 #7 - SUBJECT ADDED ENTRY--TOPICAL TERM |
| Topical term or geographic name entry element |
History |
| Source of heading or term |
bisacsh |
| 650 #0 - SUBJECT ADDED ENTRY--TOPICAL TERM |
| Topical term or geographic name entry element |
History |
| 655 #0 - INDEX TERM--GENRE/FORM |
| Genre/form data or focus term |
Electronic books. |
| 700 1# - ADDED ENTRY--PERSONAL NAME |
| Personal name |
Thulin, Mirjam |
| Relator term |
editor. |
| 700 1# - ADDED ENTRY--PERSONAL NAME |
| Personal name |
Klose, Fabian |
| Relator term |
editor. |
| 758 ## - |
| -- |
Is found in: |
| -- |
Knowledge Unlatched |
| -- |
https://openresearchlibrary.org/module/2774bc74-146a-484f-a7ba-ab1d6a09bbfb |
| 856 40 - ELECTRONIC LOCATION AND ACCESS |
| Uniform Resource Identifier |
<a href="https://openresearchlibrary.org/content/7eb7f094-f47e-4eaa-95da-11e4779a0b78">https://openresearchlibrary.org/content/7eb7f094-f47e-4eaa-95da-11e4779a0b78</a> |
| Public note |
View this content on Open Research Library. |
| -- |
0 |